Nie klikaj państw - nagła śmierć - Statystyki

Ogólne statystyki
  • Ten quiz został rozwiązany 94 razy
    91 od ostatniego zresetowania
  • Średni wynik to 12 z 26
Answers on the Grid
Answers color-coded by a green-red scale on the quiz's grid according to % correct below.
!
!
!
!
!
!
!
!
oni
mali
!
ale
czad
!
!
lubię
chodzić
po
górach
Dominika
to
takie
imię
ale
tu
jest
nudno
mam
kolegę
Kuba
!
bardzo
lubię
różne
dania
!
nie klikaj
nie klikaj
!
Anglia
Stany Zjednoczone
Republika Środkowej Afryki
Mjamma
Korea Południowa
ZEA
Polska
Sri Lanka
!
!
!
!
!
!
!
!
 
Statystyki odpowiedzi
Odpowiedź % Poprawnych
oni
94%
88%
ale
80%
lubię
76%
chodzić
72%
górach
72%
to
72%
po
70%
takie
66%
imię
64%
tu
60%
ale
58%
mam
58%
nudno
56%
jest
52%
kolegę
50%
lubię
42%
bardzo
40%
różne
30%
nie klikaj
20%
nie klikaj
10%
Anglia
2%
Mjamma
2%
Polska
0%
Republika Środkowej Afryki
0%
ZEA
0%
Nie znaleziono quizów pasujących do podanych kryteriów
Rozkład punktacji
Procent ludzi z każdym wynikiem
Percentyl według liczby udzielonych odpowiedzi
Twoja historia wyników
Nie rozwiązałeś tego quizu od ostatniego zresetowania